| 000 | 00651cam a22002052 4500 | ||
|---|---|---|---|
| 001 | 0000025480 | ||
| 005 | 20151217154549.0 | ||
| 008 | 151001s xx 000 0 eng d | ||
| 020 | _a0199544189 : | ||
| 040 |
_aKABU _cKABU |
||
| 100 | 1 |
_aMorrison, Alan D. _@0000186136 |
|
| 245 | 1 | 0 |
_aInvestment banking : _binstitutions, politics and law / _cAlan D. Morrison and William J. Wilhelm. |
| 260 |
_aOxford : _bOUP, _c2007. |
||
| 300 | _axiii, 347 p. | ||
| 650 | 0 |
_aInvestment banking. _@0000186137 |
|
| 700 | 1 |
_aWilhelm, William J. _@0000186138 |
|
| 852 | 1 | _9p8500 KES | |
| 908 | _a151001 | ||
| 950 | _@1 | ||
| 999 |
_c11740 _d11740 |
||